000 00553nam a2200229Ia 4500
003 OSt
005 20230418100209.0
008 210423s2009 xx 000 0 und d
020 _a9788184892130
040 _cAL
041 _aeng
082 _a515.35 JOHF
_223
100 _aJOHN (Fritz).
_989486
245 _aPartial differential equations.
250 _a4
260 _aNew York
_bSpringer Pvt Ltd
_c2009
300 _ax,249
_bPB
365 _b345
_cINR
440 _v1
906 _adifferential ; equations. ; Partial
942 _2ddc
_cBK
999 _c159475
_d159475